[Event "CCCSA GM Norm A 2019"]
[Site "Charlotte"]
[Date "2019.06.06"]
[Round "2.4"]
[White "Hong, Andrew"]
[Black "Korley, Kassa"]
[Result "1/2-1/2"]
[WhiteElo "2414"]
[BlackElo "2430"]
[Annotator "TA"]
[PlyCount "276"]
[EventDate "2019.06.05"]
[EventType "tourn"]
[EventCountry "USA"]
[SourceTitle "playchess.com"]
[Source "ChessBase"]
[SourceQuality "1"]

{[%evp 9,276,17,10,15,14,25,42,21,19,-11,-11,-6,-15,-2,-6,-12,0,-1,5,0,0,0,6,0,8,2,0,-8,-15,-4,-14,-12,-13,-24,-23,-16,-19,-44,-38,-55,-47,-36,-38,-86,-85,-91,0,-73,-38,-44,-46,-47,66,56,46,0,0,0,0,0,0,0,0,0,0,-10,-12,0,0,0,0,-87,-88,-90,0,-71,-63,-63,-61,-72,-71,-74,-72,-73,-73,-89,-89,-110,-85,-85,-83,-89,-79,-71,-71,-71,-71,-71,-46,-77,-71,-89,0,-89,-81,-95,-89,-89,-70,-116,-110,-103,-73,-89,-89,-89,-71,-71,-71,-71,-71,-71,-71,-71,-71,-91,-91,-133,-106,-106,-74,-77,-54,-106,-104,-160,-145,-137,-98,-98,-98,-98,-98,-91,-90,-90,-100,-90,-90,-102,-102,-102,-100,-102,-87,-87,-87,-87,-86,-87,-87,-87,-87,-205,-203,-210,-127,-120,-49,-49,0,-121,0,-210,-205,-210,-210,-259,-267,-255,-124,-224,-203,-315,-149,-149,-149,-149,-149,-156,-156,-149,-149,-149,-149,-149,-149,-149,-124,-206,-206,-206,-206,-206,-204,-262,-242,-237,-206,-204,0,-239,-241,-221,-210,-208,-203,-245,-227,-246,-241,-220,-169,-169,-169,-408,-142,-142,-142,-139,-104,-111,-110,-110,-89,-89,-89,-89,-27,-55,-27,-27,-27,-27,-27,-27,-27,-27,-27,-27,-27,-27,-27,-27,-27,-27,-27,-32,-20,-25,-25,-27,-27,-27,-26,-26,-26,-27,-16]} 1. e4 c6 2. d4 d5 3. e5 c5 4. dxc5 e6 5. Nf3 Bxc5 6. Bd3 {B12: Caro-Kann: Advance Variation} Ne7 (6... Nc6 7. a3 Nge7 8. b4 Bb6 9. O-O Ng6 10. Bb2 O-O 11. Re1 f6 12. exf6 gxf6 13. c4 dxc4 14. Bxc4 Qxd1 15. Rxd1 {½-½ (39) Karjakin,S (2753)-Adhiban,B (2683) Astana 2019}) 7. O-O Nd7 8. a3 {White is slightly better.} Ng6 9. b4 Be7 10. Bb2 a5 11. b5 a4 12. c4 $146 ({Predecessor:} 12. Re1 Nc5 13. Bf1 {1-0 (35) Alekseenko,K (2644)-Halkias,S (2552) Skopje 2019}) 12... dxc4 13. Bxc4 O-O 14. Qe2 Nb6 15. Ba2 Bd7 16. Nc3 Nf4 17. Qe4 Nfd5 18. Bb1 {[%csl Gb1][%cal Re4h7]} g6 19. Bd3 Nxc3 20. Bxc3 Nd5 21. Bd2 Qb6 22. Rfb1 Rfc8 23. Qe1 Qd8 24. Nd4 Qf8 25. Nc2 Rc5 26. Nb4 Rac8 27. Na2 Nb6 (27... f6 $17 28. b6 Qg7) 28. Nc3 (28. Bb4 $11) 28... Nc4 29. Bxc4 Rxc4 30. Ne4 f5 ({Black should try} 30... Qg7 $1 $15 31. Nd6 Bxd6 32. exd6 R4c5) 31. exf6 $1 $14 Bxf6 32. Nxf6+ (32. Bb4 $5 {[%cal Rb4f8]} Qg7 33. Ra2 $14) 32... Qxf6 33. Rb4 Rxb4 34. Bxb4 Bxb5 35. Rd1 Bc6 36. Bc3 Qf5 37. Rd4 e5 38. Rc4 $1 Rd8 39. h3 Rd5 $40 {[%mdl 128] White needs to defend precisely.} 40. Qe3 (40. Rg4 $11 {keeps the balance.}) 40... Rd3 $17 41. Qe2 Rd5 42. Qe3 Qd3 43. Qxd3 Rxd3 $15 {[%mdl 4096] Endgame KRB-KRB} 44. Bb4 Kf7 45. Rc3 Rd1+ 46. Kh2 Rb1 47. f3 Ke6 48. Bc5 Kd5 49. Rc2 Rb3 50. Kg1 Bb5 51. Bf8 Bc4 52. Kf2 b5 53. Rd2+ Ke6 54. Bc5 Bd5 55. Re2 Bc4 56. Rd2 $1 Bd3 57. Bf8 e4 58. fxe4 Ke5 59. Ke3 Bxe4+ 60. Kf2 Bd3 61. Ke3 Bc4+ 62. Kf2 h5 63. h4 Bd3 64. Ke3 Be4+ 65. Kf2 Kf5 66. Re2 Bd3 67. Re3 Rb2+ 68. Kf3 Bc4 69. Re5+ Kf6 70. Rg5 Be2+ 71. Kg3 (71. Kf4 $15) 71... Bd3 $17 72. Kf4 (72. Bc5 $142 Ke6 73. Kf4) 72... Bf5 73. Rg3 Rc2 74. Re3 Rxg2 75. Be7+ Kf7 76. Bg5 Rg4+ 77. Ke5 b4 78. axb4 Rxb4 79. Kd6 Rb6+ 80. Kc5 Rb7 81. Kc6 Ra7 82. Kb6 Ra8 {Strongly threatening ...a3.} 83. Kb7 Ra5 84. Kb6 Rd5 $1 85. Re7+ Kf8 86. Ra7 (86. Kc6 $17 Ra5 87. Re3) 86... Bd7 $1 $19 87. Kc7 Be8 88. Kb6 Rb5+ (88... Re5 $17 89. Bh6+ Kg8 90. Rg7+ Kh8) 89. Kc7 $15 Rd5 (89... Kg8 $15) 90. Kb6 $1 $17 Bd7 (90... Re5 $17 91. Bh6+ Kg8 92. Rg7+ Kh8) 91. Kc7 $1 $19 Kf7 92. Ra6 Bb5 93. Rf6+ Kg7 94. Rf3 Bc4 (94... Rd3 $1 $19 {[%cal Rd3f3]} 95. Rxd3 Bxd3) 95. Re3 (95. Rc3 $17 Bb5 96. Re3) 95... Ra5 96. Kb6 (96. Ra3 $142) 96... Ra8 (96... Ra6+ $1 $19 97. Kc5 a3) 97. Ra3 $17 Bb3 98. Kb5 Kf7 99. Kb4 Rb8+ 100. Kc3 Rc8+ 101. Kd4 Ke6 102. Ra1 Rc4+ 103. Kd3 Kd5 104. Bf6 (104. Rc1 $17) 104... Rf4 $19 105. Be7 Rf3+ 106. Kd2 Rf7 107. Bg5 Kd4 108. Be3+ Ke4 {aiming for ...Rd7+.} 109. Bg5 Kd4 110. Be3+ Kc4 111. Rc1+ Kb4 112. Bc5+ Kb5 113. Ba3 Rf2+ $1 114. Kc3 Rf3+ 115. Kb2 Bc4 116. Rc3 Rf2+ 117. Rc2 $2 (117. Kb1) 117... Rf4 $2 (117... Rxc2+ $1 $19 {has better winning chances.} 118. Kxc2 g5 $1 {[%mdl 512]} 119. hxg5 h4) 118. Be7 $17 Re4 119. Bg5 Bb3 120. Rf2 Be6 {...a3+! is the strong threat.} 121. Ka3 Rg4 122. Re2 Bd5 123. Rb2+ {[#]} Kc4 (123... Bb3 $1 $17 {White must now prevent ...Rg1.} 124. Re2 Bd5 125. Rb2+ Bb3) 124. Be7 Rg1 125. Rb4+ Kd3 {Hoping for ...Ra1+.} 126. Kxa4 Bc4 {[%cal Rg1a1]} 127. Rb2 Re1 128. Bg5 Re5 129. Rd2+ Ke4 130. Bf6 Re6 131. Bg5 Bd3 132. Rf2 Kd4 133. Rf4+ Kc5 134. Kb3 Bf5 {Black has an edge.} 135. Rc4+ Kd5 136. Kc3 Re2 {And now ...Rc2+ would win.} 137. Rd4+ Ke6 138. Rd8 {Threatens to win with Re8+.} Re4 {Accuracy: White = 59%, Black = 54%.} 1/2-1/2

[Event "CCCSA GM Norm A 2019"]
[Site "Charlotte"]
[Date "2019.06.06"]
[Round "2.5"]
[White "Zierk, Steven"]
[Black "Grigoryan, Karen H."]
[Result "0-1"]
[WhiteElo "2501"]
[BlackElo "2547"]
[Annotator "TA"]
[PlyCount "68"]
[EventDate "2019.06.05"]
[EventType "tourn"]
[EventCountry "USA"]
[SourceTitle "playchess.com"]
[Source "ChessBase"]
[SourceQuality "1"]

{[%evp 17,68,0,0,0,10,0,0,-31,-14,-28,-6,-24,0,0,0,-64,-57,-60,-22,-41,-28,-35,-15,-70,-63,-90,0,0,0,-24,-34,-45,0,0,0,-91,-61,-111,-190,-941,-850,-845,-843,-5904,-5706,-2410,-4990,-29963,-29961,-29944,-6465,-5485,-5297]} 1. e4 e6 2. d4 d5 3. Nc3 Nf6 4. e5 Nfd7 5. f4 c5 6. Nf3 Nc6 7. Be3 a6 8. Qd2 b5 9. dxc5 Bxc5 10. a3 {C11: French: Classical System: 4 e5 and 4 Bg5 dxe4} (10. Ne2 O-O 11. Ned4 Qb6 12. c3 b4 13. Bd3 a5 14. O-O Ba6 15. Kh1 Bxd3 16. Qxd3 Qa6 17. Qc2 bxc3 18. bxc3 {½-½ (31) Dominguez Perez,L (2739)-So,W (2788) Saint Louis 2017}) 10... Bb7 11. Bxc5 Nxc5 12. Nd4 {The position is equal.} O-O $146 ({Predecessor:} 12... Qb6 13. Nxc6 Bxc6 14. Qd4 a5 15. Be2 O-O 16. O-O b4 17. Nd1 Bb5 18. Bxb5 Qxb5 19. Nf2 Rfc8 20. axb4 Qxb4 21. Qxb4 axb4 22. b3 Kf8 23. Rfd1 Ke7 {½-½ (23) Kovacevic,A (2537)-Jeremic,V (2525) Vrnjacka Banja 2005}) 13. Qe3 {Threatens to win with Nxc6.} Rc8 14. Be2 Nxd4 15. Qxd4 Ne4 16. O-O (16. Nxe4 $11 dxe4 17. Qxd8 Rfxd8 18. c3) 16... Nxc3 $15 17. bxc3 Qa5 18. Rf3 Rc7 19. a4 Rfc8 20. Ra3 (20. Bd3 $11) 20... g6 $36 {[%mdl 2048] Black fights for an advantage.} 21. Rh3 Rc4 (21... Bc6 $17 {[%cal Rb5a4]} 22. Qc5 Bd7 23. axb5 Rxc5 24. Rxa5 Bxb5 25. Bxb5 axb5) 22. Bxc4 $11 Rxc4 23. Qf2 (23. Qa7 $5 {[%cal Ra7b7]} bxa4 24. Ra1 $11) 23... bxa4 {[%cal Bb5a4,Ba4a3][%mdl 32]} 24. Ra1 a3 {[%mdl 1024] Black has compensation.} 25. Qh4 h5 {Strongly threatening ...a2.} 26. Qe7 (26. Rg3 $1 $11) 26... Qb6+ $17 27. Kh1 a2 28. Qa3 $2 (28. Rf3) 28... Rxf4 $19 ({Less strong is} 28... Qb1+ 29. Qc1 $17) 29. Qxa2 Qf2 {( -> ...Qf1+!)} 30. Qb1 {[#]} d4 $1 {[%csl Gf2][%cal Rb7g2]} 31. Qg1 Qxc2 32. cxd4 h4 33. Rha3 {[#]} Rg4 $1 {[%cal Rb7g2][%mdl 512]} 34. R3a2 {[#]} Rxg2 $1 {[%mdl 512] Accuracy: White = 30%, Black = 64%.} 0-1

[Event "CCCSA GM Norm A 2019"]
[Site "Charlotte"]
[Date "2019.06.07"]
[Round "3.1"]
[White "Korley, Kassa"]
[Black "Ringoir, Tanguy"]
[Result "1/2-1/2"]
[WhiteElo "2430"]
[BlackElo "2500"]
[Annotator "RC"]
[PlyCount "20"]
[EventDate "2019.06.05"]
[EventType "tourn"]
[EventCountry "USA"]
[SourceTitle "playchess.com"]
[Source "ChessBase"]
[SourceQuality "1"]
[TimeControl "5400+30"]

1. Nf3 {[%emt 0:03:36]} d5 {[%emt 0:00:00]} 2. g3 {[%emt 0:00:03]} Nf6 {[%emt 0:00:00]} 3. Bg2 {[%emt 0:00:07]} e6 {[%emt 0:00:00]} 4. O-O {[%emt 0:00:12]} Be7 {[%emt 0:00:00]} 5. c4 {[%emt 0:00:19]} O-O {[%emt 0:00:00]} 6. d3 {[%emt 0:00:16]} c5 {[%emt 0:00:11]} 7. cxd5 {[%emt 0:00:08]} Nxd5 {[%emt 0:00:05]} 8. d4 {[%emt 0:06:42]} cxd4 {[%emt 0:00:06]} 9. Nxd4 {[%emt 0:00:04]} Nc6 {[%emt 0:00:05]} 10. Nxc6 {[%emt 0:08:44]} bxc6 {[%emt 1:34:33]} 1/2-1/2

[Event "CCCSA GM Norm A 2019"]
[Site "Charlotte"]
[Date "2019.06.07"]
[Round "3.2"]
[White "Ostrovskiy, Aleksandr"]
[Black "Zierk, Steven"]
[Result "1-0"]
[WhiteElo "2437"]
[BlackElo "2501"]
[Annotator "TA"]
[PlyCount "57"]
[EventDate "2019.06.05"]
[EventType "tourn"]
[EventCountry "USA"]
[SourceTitle "playchess.com"]
[Source "ChessBase"]
[SourceQuality "1"]

{[%evp 14,57,48,36,29,16,68,25,83,85,86,88,83,67,73,78,160,93,458,437,457,452,454,458,436,445,543,542,539,504,718,724,714,708,706,709,696,706,693,686,1119,1139,2077,1941,1787,694]} 1. e4 c5 2. Nf3 e6 3. d4 cxd4 4. Nxd4 a6 5. c4 Nf6 6. Nc3 Qc7 7. Be2 b6 8. O-O Bb7 {B41: Sicilian: Kan Variation: 5 c4} 9. Qd3 d6 (9... Nc6 $11) 10. f4 Nc6 (10... Nbd7 $11) (10... Nbd7 11. b4 d5 12. exd5 Bxb4 13. dxe6 Nc5 14. exf7+ Kxf7 15. Qh3 Bxc3 16. Qxc3 Rhe8 17. Bf3 Nce4 18. Qb4 Rad8 19. Be3 {½-½ (31) Muzychuk,M (2540)-Adhiban,B (2689) Caleta 2019}) 11. Nxc6 Bxc6 12. f5 $146 ({Predecessor:} 12. Be3 Be7 13. a4 O-O 14. Rac1 Bb7 15. Bd4 Nd7 16. Kh1 Rad8 17. b3 Qb8 18. Qb1 Rfe8 19. Bd3 h6 20. Bg1 {½-½ (20) Sadzikowski,D (2584)-Kveinys,A (2548) Bialystok 2017}) 12... exf5 13. exf5 Be7 14. Qg3 $36 {[%mdl 2048] Black is under strong pressure.} O-O-O (14... h5 $142) 15. Be3 ({Better is} 15. Nd5 Qb7 16. Be3 (16. Qxg7 Rhg8 $14)) 15... Ne4 $2 {[%mdl 8192]} (15... d5 $16 {is more resistant.} 16. cxd5 (16. Qxg7 $2 d4 $19) 16... Qxg3 17. hxg3 Nxd5 18. Nxd5 (18. Bxa6+ Kc7 $16) 18... Rxd5) 16. Nxe4 $18 {White is clearly winning.} Bxe4 17. Qg4 Bc6 18. f6+ Bd7 19. Qxg7 ({Weaker is} 19. fxe7 Bxg4 20. Bxg4+ Kb8 $18) 19... Rdg8 20. Qxf7 Bd8 {Threatening ...Rxg2+.} 21. Bf3 Rf8 22. Qd5 Bxf6 23. Qa8+ Qb8 24. Qxa6+ {[%mdl 64] [#] Double Attack} Kc7 25. Rad1 Be5 26. b4 {[%cal Bb2b4,Bb4c5][%mdl 32]} Rf6 27. c5 bxc5 28. bxc5 d5 {[#]} 29. Qa5+ {Played: Qa6xf6} 1-0

[Event "CCCSA GM Norm A 2019"]
[Site "Charlotte"]
[Date "2019.06.07"]
[Round "3.3"]
[White "Yoo, Christopher Woojin"]
[Black "Hong, Andrew"]
[Result "1/2-1/2"]
[WhiteElo "2430"]
[BlackElo "2414"]
[Annotator "TA"]
[PlyCount "158"]
[EventDate "2019.06.05"]
[EventType "tourn"]
[EventCountry "USA"]
[SourceTitle "playchess.com"]
[Source "ChessBase"]
[SourceQuality "1"]

{[%evp 23,158,38,54,0,0,0,0,0,0,0,0,0,0,0,0,0,0,0,0,0,0,0,0,-16,13,0,0,0,-16,-93,-22,-230,-232,-220,-222,-266,-266,-266,-266,-339,-250,-225,0,-339,-223,-258,-197,-210,-179,-255,-257,-292,-268,-258,-171,-171,-171,-152,-137,-145,-137,-137,-134,-112,-112,-179,-179,-179,-179,-250,-193,-353,-353,-343,-196,-196,-193,-193,-193,-193,-193,-193,-193,-193,-193,-193,-193,-193,-193,-193,-193,-193,-193,-193,-193,-193,-193,-193,-193,-193,-193,-193,-193,-193,-193,-193,-193,-193,-193,-193,-193,-193,-193,-193,-193,-193,-193,-193,-193,-193,-8,-193,-193,-193,-193,-193,-193,-193,-193,-193,-193,-193,-193,-193,0,-193,-193]} 1. e4 c5 2. Nf3 Nc6 3. d4 cxd4 4. Nxd4 Nf6 5. Nc3 e5 6. Ndb5 d6 7. Bg5 a6 8. Bxf6 $146 ({Predecessor:} 8. Na3 b5 9. Bxf6 {1-0 (48) Kokarev,D (2622)-Frolyanov,D (2563) Khanty-Mansiysk 2017}) 8... gxf6 9. Na3 b5 10. Nd5 f5 11. c3 Bg7 12. Bd3 Be6 13. Nxb5 {B33: Sicilian: Pelikan and Sveshnikov Variations} (13. Qh5 $14) 13... axb5 $11 14. Bxb5 Rc8 15. Qa4 {The position is equal.} Bd7 $1 16. exf5 $1 O-O 17. O-O e4 18. Rfe1 Ne5 19. Bxd7 Nxd7 20. Qxe4 {[#] Black must now prevent Ne7+.} Nf6 $36 {[%mdl 2048] Black is more active.} 21. Nxf6+ Bxf6 22. Rad1 Qb6 23. Re2 Qa6 24. Red2 Rfe8 25. Qf3 Re5 26. Qd3 (26. a3 $11 {keeps the balance.}) 26... Qa4 (26... Qxa2 $17 27. h3 Rce8 28. Qg3+ Kf8) 27. Qxd6 $2 (27. Qf3 $11) 27... Rd8 $19 28. Qxd8+ Bxd8 29. Rxd8+ Kg7 30. h3 h5 (30... Rxf5 31. a3 $19) 31. R8d5 Re2 32. R5d2 Re5 (32... Rxd2 $142 33. Rxd2 Qxa2) 33. Rd5 $1 Re8 34. a3 Qf4 35. f6+ Kg6 {[%mdl 1024] Black has strong compensation.} (35... Kxf6 36. R5d3) 36. R5d3 {[#]} (36. R5d4 {was necessary.} Qxf6 37. R4d2) 36... Re2 $1 {[%mdl 512]} 37. Rg3+ Kh7 38. Rf3 Qa4 39. Rd5 Kg6 ({Resist} 39... Rxb2 40. Rxh5+ Kg6 41. g4 $15) 40. Rg3+ Kxf6 {Hoping for ...Qf4.} 41. Rf3+ Kg6 42. Rg3+ Kh6 {aiming for ...Qf4.} 43. Rd6+ Re6 44. Rxe6+ (44. Rd8 $17 Rg6 45. Rxg6+ fxg6 46. Rd4) 44... fxe6 $17 {[%mdl 4096] Endgame KQ-KR} 45. Re3 Qb3 46. h4 (46. Re4 $142) 46... Kg6 47. Rg3+ $2 (47. Re4 {was called for.}) 47... Kf6 $19 48. Rg5 Qc2 ({Don't play} 48... Qxb2 49. Rxh5 Qe2 50. f3) (48... e5 $142 49. f3 Qxb2) 49. f3 e5 50. Kh2 Qxb2 51. Rxh5 Qxa3 52. Rg5 Qxc3 53. Rg4 Kf5 54. Re4 Qc1 55. Rg4 Qe1 56. Re4 Qf2 57. Rg4 Ke6 58. Re4 Kd5 59. Rg4 Qd2 60. Re4 Qh6 61. Rg4 Qf6 62. Re4 Qd8 63. Rg4 Qh8 64. Re4 Qb8 65. Kh1 Kd6 66. Kh2 Kd7 67. Kh1 Ke8 68. Kh2 {intending f4.} Kf8 69. Kh1 Qc8 70. Kh2 Qe6 71. Kh1 Ke8 $2 (71... Kg7 $19 {...Qf5 is the strong threat.} 72. Kh2 Kf6) 72. Kh2 $2 (72. f4 $11 {and White stays safe.} Kd8 73. fxe5) 72... Kf7 73. Kh1 Qc6 74. Kh2 Ke6 75. Kh1 Kd5 76. Kh2 Qb6 77. Rg4 Qb1 78. Re4 Qb8 79. Kh1 $1 Qd6 {Accuracy: White = 60%, Black = 67%.} 1/2-1/2

[Event "CCCSA GM Norm A 2019"]
[Site "Charlotte"]
[Date "2019.06.07"]
[Round "3.4"]
[White "Jacobson, Brandon"]
[Black "Gauri, Shankar"]
[Result "1-0"]
[WhiteElo "2486"]
[BlackElo "2378"]
[Annotator "RC"]
[PlyCount "67"]
[EventDate "2019.06.05"]
[EventType "tourn"]
[EventCountry "USA"]
[SourceTitle "playchess.com"]
[Source "ChessBase"]
[SourceQuality "1"]
[TimeControl "5400+30"]

1. c4 {[%emt 0:04:46]} c6 {[%emt 0:02:14]} 2. Nf3 {[%emt 0:00:18]} d5 {[%emt 0:00:09]} 3. d4 {[%emt 0:02:41]} Nf6 {[%emt 0:00:14]} 4. e3 {[%emt 0:00:03]} Bf5 {[%emt 0:03:33]} 5. Nc3 {[%emt 0:00:10]} e6 {[%emt 0:00:06]} 6. Nh4 {[%emt 0:00:05]} Be4 {[%emt 0:02:59]} 7. f3 {[%emt 0:00:06]} Bg6 {[%emt 0:00:05]} 8. Qb3 {[%emt 0:00:04]} Qc7 {[%emt 0:01:15]} 9. Bd2 {[%emt 0:00:05]} Be7 {[%emt 0:01:41]} 10. cxd5 {[%emt 0:01:00]} cxd5 {[%emt 0:04:23]} 11. Nxg6 {[%emt 0:00:27]} hxg6 {[%emt 0:00:05]} 12. O-O-O {[%emt 0:00:04]} Nc6 {[%emt 0:03:21]} 13. Kb1 {[%emt 0:00:04]} O-O {[%emt 0:07:47]} 14. Rc1 {[%emt 0:10:40]} a6 {[%emt 0:16:54]} 15. Qd1 {[%emt 0:01:28]} Rac8 {[%emt 0:16:35]} 16. g4 {[%emt 0:00:34]} b5 {[%emt 0:10:45]} 17. g5 {[%emt 0:05:30]} Ne8 {[%emt 0:06:16]} 18. e4 {[%emt 0:04:38]} dxe4 {[%emt 0:04:13]} 19. fxe4 {[%emt 0:13:07]} Qd8 {[%emt 0:03:31]} 20. d5 {[%emt 0:05:17]} Ne5 {[%emt 0:03:13]} 21. Bf4 {[%emt 0:20:59]} Nc4 {[%emt 0:00:14]} 22. h4 {[%emt 0:07:31]} e5 {[%emt 0:04:57]} 23. Bxc4 {[%emt 0:02:25]} exf4 {[%emt 0:01:58]} 24. Bb3 {[%emt 0:00:01]} Bd6 {[%emt 0:00:23]} 25. Qg4 {[%emt 0:00:28]} b4 {[%emt 0:00:28]} 26. h5 {[%emt 0:03:38]} bxc3 {[%emt 0:01:19]} 27. hxg6 {[%emt 0:00:05]} fxg6 {[%emt 0:01:44]} 28. Qe6+ {[%emt 0:00:02]} Rf7 {[%emt 0:00:08]} 29. Rh8+ {[%emt 0:00:38]} Kxh8 {[%emt 0:00:01]} 30. Qxf7 {[%emt 0:00:04]} c2+ {[%emt 0:03:50]} 31. Bxc2 {[%emt 0:00:10]} Qxg5 {[%emt 0:00:28]} 32. Rh1+ {[%emt 0:00:05]} Qh5 {[%emt 0:00:38]} 33. Rxh5+ {[%emt 0:00:05]} gxh5 {[%emt 0:00:03]} 34. e5 {[%emt 0:00:12]} 1-0

[Event "CCCSA GM Norm A 2019"]
[Site "Charlotte"]
[Date "2019.06.07"]
[Round "3.5"]
[White "Grigoryan, Karen H."]
[Black "Wang, Tianqi"]
[Result "1/2-1/2"]
[WhiteElo "2547"]
[BlackElo "2333"]
[Annotator "TA"]
[PlyCount "31"]
[EventDate "2019.06.05"]
[EventType "tourn"]
[EventCountry "USA"]
[SourceTitle "playchess.com"]
[Source "ChessBase"]
[SourceQuality "1"]

{[%evp 18,31,5,0,18,-21,-26,-33,-9,-9,-9,-10,-15,-16,-8,-8]} 1. e4 e5 2. Nf3 Nc6 3. Bb5 Nf6 4. O-O Nxe4 5. Re1 Nd6 6. Nxe5 Nxe5 7. Rxe5+ Be7 8. Nc3 O-O 9. Bd3 Bf6 10. Re3 {[#] Black must now prevent Bxh7+!} Re8 {C67: Ruy Lopez: Berlin Defence: 4 0-0 Nxe4} (10... h6 11. Qg4 b6 12. Nd5 Bb7 13. Nxf6+ Qxf6 14. Qxd7 c5 15. Qg4 Rfe8 16. Rb1 c4 17. Bf1 Nf5 18. Rxe8+ Rxe8 {1-0 (43) Kasimdzhanov,R (2704)-Alekseev,E (2642) Berlin 2015}) 11. Rh3 g6 12. b3 c6 $146 ({Predecessor:} 12... b6 13. Ba3 c5 14. Qf3 Bb7 15. Qf4 Bg7 16. Re3 Rxe3 17. fxe3 {0-1 (65) House,G (2211)-Sarakauskas,G (2404) Purley 2013}) 13. Ba3 {The position is equal.} Re6 14. Bxd6 Rxd6 15. Ne4 Re6 16. Nxf6+ 1/2-1/2

[Event "CCCSA GM Norm A 2019"]
[Site "Charlotte"]
[Date "2019.06.07"]
[Round "4.1"]
[White "Ringoir, Tanguy"]
[Black "Yoo, Christopher Woojin"]
[Result "1-0"]
[WhiteElo "2500"]
[BlackElo "2430"]
[Annotator "TA"]
[PlyCount "143"]
[EventDate "2019.06.05"]
[EventType "tourn"]
[EventCountry "USA"]
[SourceTitle "playchess.com"]
[Source "ChessBase"]
[SourceQuality "1"]

{[%evp 9,143,1,15,22,14,18,25,25,22,11,14,0,22,22,48,28,27,18,26,22,31,31,22,19,31,31,23,23,49,28,28,20,45,45,45,22,45,45,45,45,38,38,45,28,45,45,45,12,45,45,58,58,47,3,3,4,4,0,0,0,0,0,6,0,0,0,0,0,0,0,0,0,0,0,6,0,6,6,6,6,6,6,1287,1196,608,6,583,583,572,76,76,76,96,76,76,76,76,76,76,42,29954,29950,6114,235,147,8,8,8,29970,29971,29971,29971,29975,29976,29975,29977,29979,29973,29979,29976,29976,29967,29974,29976,29977,29978,29978,29978,29978,29979,29981,29982,29980,29983,29982,29984]} 1. d4 Nf6 2. c4 g6 3. Nc3 d5 4. Nf3 Bg7 5. h4 (5. h3 dxc4 6. e4 c5 7. d5 O-O 8. Bxc4 b5 9. Nxb5 Nxe4 10. O-O Ba6 11. Qe2 Nd6 12. Nxd6 Qxd6 {0-1 (94) Meier,G (2628)-Vachier Lagrave,M (2773) Karlsruhe/Baden Baden 2019}) 5... O-O 6. cxd5 {D90: Grünfeld: 4 Nf3 Bg7 sidelines} Nxd5 7. h5 c5 8. hxg6 {White has an edge.} hxg6 9. Bh6 Bxh6 10. Rxh6 Nxc3 11. bxc3 cxd4 $146 ({Predecessor:} 11... Kg7 12. Qd2 {0-1 (47) Mohammad,F (2009)-Laurent Paoli,P (1847) Montbeliard 2014}) 12. Qd2 {And now Rh8+! would win.} Kg7 $1 {With the idea ...dxc3.} 13. Rd1 Nc6 14. Rh4 Rh8 15. Rxh8 Qxh8 16. cxd4 {[%cal Bc3d4,Bd4d5][%mdl 32]} Bg4 17. d5 Bxf3 $1 18. gxf3 Ne5 19. f4 Ng4 20. d6 {Qc3+ is the strong threat.} exd6 21. Qc3+ Kg8 22. Qxh8+ Kxh8 $14 {[%mdl 4096] Endgame KRB-KRN} 23. Bg2 Rd8 24. Bxb7 Kg7 25. Bf3 Nf6 26. Rb1 Kf8 27. Kd2 Rd7 28. Rc1 Ke7 29. Kd3 d5 30. Rc5 Ne4 31. Ra5 Nxf2+ 32. Kd4 Ne4 {[%mdl 64] Decoy} 33. Bxe4 (33. Bg4 {with more complications.} f5 34. Bf3 Nf6 35. a4 Kf7 36. Ra6) 33... dxe4+ 34. Kxe4 $11 {KR-KR} f5+ 35. Kf3 Rc7 36. Kg3 Kf6 37. Ra6+ Kg7 38. a4 Kh6 39. e3 Kh5 40. Kf3 Rb7 41. a5 Rc7 42. Rd6 Rc5 43. Rd7 {[%cal Rd7h7]} g5 44. fxg5 Rxa5 45. Kf4 Ra4+ $2 {[%mdl 8192]} (45... Kg6 $11) 46. Kxf5 $18 {[%cal Rd7h7]} Ra5+ 47. Kf4 $2 (47. Kf6 $1 $18) 47... Ra4+ $2 {[%mdl 8192]} (47... Ra1 $11 {and Black stays safe.}) 48. e4 {White threatens Rd6 and mate.} Ra1 49. Rh7+ $2 (49. e5 $1 $18 {and the rest is easy. Hoping for Rg7.} Kg6 50. Rd6+ Kg7 51. Kf5) 49... Kg6 $16 50. Rh6+ Kg7 51. Rc6 Rf1+ 52. Ke5 Rg1 53. Kf5 {Strongly threatening Rc7+.} Rf1+ 54. Ke6 $1 Re1 $2 {[%mdl 8192]} (54... a5 $14) 55. e5 Kg6 56. Ra6 $2 (56. Ke7+ Kxg5 57. e6) 56... Kxg5 $18 57. Rxa7 ({White has to play} 57. Ra2 $1 $16) 57... Kg6 $1 $11 58. Kd6 {Black must now prevent e6.} Rd1+ $2 {[%mdl 8192]} (58... Kf5 $11) 59. Ke7 $1 {White mates.} Rh1 60. Ra6+ Kg7 61. Ra2 Kg6 62. e6 Rg1 63. Rf2 Kg7 64. Rf7+ Kg8 65. Ke8 Ra1 {[#]} 66. Rd7 $1 Ra8+ {[#]} 67. Rd8 $1 Ra7 68. e7 Kg7 69. Rd1 Kf6 70. Kf8 Rxe7 71. Rf1+ Ke6 72. Re1+ {Accuracy: White = 51%, Black = 36%.} 1-0